000 02416nam0a2200361 4500
001 RU\NLR\BIBL_A\012706979
005 20220411110238.0
010 _a978-5-4387-0930-5
_9100
021 _aRU
_bКН-П-21-080329
_9КН-П-21-6388
035 _a(NLR Aleph) 012706979
035 _a(RuMoRGB)010883575
090 _a12897610
_c12897610
100 _a20220215d2020 u y0rusy50 ca
101 0 _arus
102 _aRU
105 _a |||j|||000zy
181 0 _ai3
_baxxe
182 0 _an
200 1 _aЭкономическая теория: макроэкономика в условиях неоиндустриализации
_eучебное пособие
_eдля студентов по направлениям 38.03.01 "Экономика", 38.03.02 "Менеджмент" (бакалавриат) и студентов любых неэкономических (технических) специальностей
_fМинистерство науки и высшего образования Российской Федерации, Федеральное государственное автономное образовательное учреждение высшего образования "Национальный исследовательский Томский политехнический университет"
_gсоставители: С.А. Жиронкин [и др.]
203 _aТекст
_bвизуальный
_cнепосредственный
210 _aТомск
_cИзд-во Томского политехнического университета
_d2020
215 _a216 с.
_cил., табл.
_d21
320 _aБиблиогр.: с. 212-216
606 1 _aМакроэкономика
_jУчебные издания для высших учебных заведений
_xТеория
_92100649
_3RU\NLR\AUTH\661270485
686 1 _aУ010.3я73
702 1 _4220
_aЖиронкин
_bС. А.
_cд-р экон. наук
_f1975-
_gСергей Александрович
_9220031
_3RU\NLR\AUTH\770220087
712 0 2 _4475
_aНациональный исследовательский Томский политехнический университет
_9849900
_3RU\NLR\AUTH\8810176860
942 _cBOOK
980 _aNBR
980 _aNB